000 nam a22 7a 4500
999 _c10690
_d10690
008 180220b ||||| |||| 00| 0 eng d
100 _aDewan, K R
_96559
245 _aTogether with Mathematics -XII
260 _aNew Delhi
_bDhanapal Rai Publication
_c2013